| 000 | 00656nam a2200169 a 4500 | ||
|---|---|---|---|
| 008 | 120416s1993 ||||||||||||||||| || u | ||
| 020 | _a0821324160 | ||
| 050 | _aIBRD(08)DP | ||
| 100 | _aJaffee, Steven | ||
| 245 | 1 | 0 | _aExporting high value food commodities: success stories from developing countries |
| 260 |
_aWashington, D. C. _bWorld Bank _c1993 |
||
| 300 | _axiii, 105p. : ill. | ||
| 350 | _a0.00 | ||
| 490 | _aWorld Bank Discussion Papers | ||
| 650 | _aFOOD INDUSTRY AND TRADE--DEVELOPING COUNTRIES | ||
| 995 |
_D0.00 _FCBU-MAIN LIBRARY (Kitwe) _H1 _I0.00 _M1 _UAVAILABLE _ZInternational Publications |
||
| 999 |
_c42999 _d42999 |
||